Missing Word: Treasure Hunt Movies Quiz Stats

Quiz Updated Feb 3, 2015

Challenge
Share
Tweet
Embed
Score 0/14 Timer 03:00
1 Play Today
Film Missing Word % Correct
The Good, the _____, and the UglyBad
99%
The Da Vinci _____Code
98.1%
Lara Croft: _____ RaiderTomb
97%
_____ of the Lost ArkRaiders
96.2%
O _____, Where Art Thou?Brother
89.2%
The Lone _____Ranger
87.4%
Pirates of the Caribbean: The Curse of the Black _____Pearl
85%
Film Missing Word % Correct
Weekend at _____ IIBernie's
81%
_____ Treasure: Book of SecretsNational
79.7%
The Jewel of the _____Nile
77.2%
It's a _____, _____, _____, _____ WorldMad
72.4%
City _____ II: The Legend of Curly's GoldSlickers
72.4%
The _____ of TintinAdventures
66.9%
King _____'s MinesSolomon
62.4%

Today's Daily Dose

Missing Word
NPR Programs

Quick Pick
1991 Events

On This Day
June 18th II

You're not logged in!

Compare scores with friends on all Sporcle quizzes.
Join for Free
OR
Log In

You Might Also Like...

Show Comments

Extras

Top Quizzes Today


Score Distribution

Your Account Isn't Verified!

In order to create a playlist on Sporcle, you need to verify the email address you used during registration. Go to your Sporcle Settings to finish the process.

Report this User

Report this user for behavior that violates our Community Guidelines.

Details: